Order, stepsize and stiffness switching.

Úvaha o otázkach: Kedy má program prejsť z pevného režimu do nie pevného a naopak? Kedy má program zvoliť iné usporiadanie? Akú veľkosť kroku má zvoliť program pri prechádzaní z jedného kroku do druhého? Kritéria sú prezentované v algoritmickom tvare.

Guardado en:
Detalles Bibliográficos
Autor principal: Butcher, J.C
Formato: Capítulo de libro
Lenguaje:inglés
Materias:
Etiquetas: Agregar Etiqueta
Sin Etiquetas, Sea el primero en etiquetar este registro!

MARC

LEADER 00000naa a2200000 4500
001 r006196
005 20220818104602.4
041 0 |a eng 
044 |a AT 
245 1 0 |a Order, stepsize and stiffness switching.  |c J.C. Butcher 
520 |a Úvaha o otázkach: Kedy má program prejsť z pevného režimu do nie pevného a naopak? Kedy má program zvoliť iné usporiadanie? Akú veľkosť kroku má zvoliť program pri prechádzaní z jedného kroku do druhého? Kritéria sú prezentované v algoritmickom tvare. 
610 2 0 |a algoritmy 
610 2 0 |a metódy matematické 
610 2 0 |a testy 
610 2 0 |a programovanie 
100 1 |a Butcher, J.C.